00365 2200145 4500001002100000005001500021035002000036245006100056100001900117300001200136260002300148082000800171084001400179990002600193INLIS00000000000235920250528111457 a0010-05250006511 aSekitar Perang Kemerdekaan Indonesia /cDr. AH. Nasution0 a. AH. Nasution a669 hlm aBandung :bAngkasa a950 a950 . A s a05201341 s/d 05201351